000 00473pab a2200169 454500
008 180718b2014 xxu||||| |||| 00| 0 eng d
100 _aPearce, Warren
245 _aThe new Randomised Controlled Trails (RCT) movement in public policy: challenges of epistemic governance
260 _c2014
300 _ap.387-402.
362 _aDec
520 _a
650 _aPublic policy
700 _aRama, Sujatha
773 _aPolicy Sciences
909 _a107316
999 _c107311
_d107311